|
|
|
|
| LEADER |
00000nab a2200000 a 4500 |
| 001 |
vtls000630043 |
| 003 |
SK-MaSNL |
| 005 |
20260304090923.0 |
| 008 |
250425c1997 xo 0 slo |
| 015 |
|
|
|a SNBRB19rr/mm-uuuuu
|
| 035 |
|
|
|a CL0630182
|
| 035 |
|
|
|a urn:nbn:sk:snk-ab6jd2
|
| 035 |
|
|
|a (uuid)2f354045-d1de-4be4-86ee-ab4fafb9fe57
|
| 035 |
|
|
|a (urnnbn)urn:nbn:sk:snk:ar-004imp
|
| 035 |
|
|
|a (sysno)vtls000630043
|
| 040 |
|
|
|a SNKBUCL
|b slo
|c SNKBUCL
|e AACR2
|
| 041 |
0 |
|
|a slo
|
| 044 |
|
|
|a xo
|c SK
|
| 080 |
|
|
|a 619:616.98
|2 1981
|
| 080 |
|
|
|a 616.98
|2 1981
|
| 100 |
1 |
|
|a Řeháček, Josef,
|d 1931-
|4 aut
|9 27955
|
| 245 |
1 |
0 |
|a Lymská borelióza psov
|c Jozef Řeháček
|
| 300 |
|
|
|b Fotogr. 1
|
| 650 |
0 |
7 |
|a psy
|2 snkbucl
|9 1288
|
| 650 |
0 |
7 |
|a borelióza lymská
|2 snkbucl
|9 848603
|
| 655 |
|
7 |
|a články z novín a časopisov
|2 snkbucl
|9 267496
|
| 773 |
0 |
|
|t Enviromagazín
|g Roč. 2, č. 3 (1997), s. 28
|x 1335-1877
|
| 850 |
|
|
|a Slovenská národná knižnica
|
| 852 |
|
|
|a Slovenská národná knižnica
|
| 954 |
|
|
|a odborná, vedecká literatúra pôvodná (slovenská)
|2 lita
|
| 958 |
|
|
|a article27
|
| 958 |
|
|
|a MI
|
| 958 |
|
|
|a RK
|
| 958 |
|
|
|a OND
|
| 958 |
|
|
|a EUIPO
|
| 992 |
|
|
|a RBX
|
| 999 |
|
|
|c 2813331
|d 2815261
|